000 00337nam a22001337a 4500
008 171124b xxu||||| |||| 00| 0 eng d
020 _a9780130596017
041 _aeng
080 _a62
100 _a27
101 _aIM
245 _aFUNDAMENTALS OF ELECTRICAL ENGINEERING PRINCIPLES AND APPLICATIONS
_cCAVICCHI,TH,J
942 _2udc
_cBK
999 _c38459
_d38459